Women making Shakespeare (Record no. 959119)

MARC details
000 -LEADER
fixed length control field 00867nam a2200265Ia 4500
003 - CONTROL NUMBER IDENTIFIER
control field OSt
005 - DATE AND TIME OF LATEST TRANSACTION
control field 20221005051642.0
008 - FIXED-LENGTH DATA ELEMENTS--GENERAL INFORMATION
fixed length control field 221004b |||||||| |||| 00| 0 eng d
020 ## - INTERNATIONAL STANDARD BOOK NUMBER
International Standard Book Number 9781408185339
037 ## - SOURCE OF ACQUISITION
Terms of availability Textual
040 ## - CATALOGING SOURCE
Original cataloging agency CRL
Transcribing agency CRL
Language of cataloging eng
041 ## - LANGUAGE CODE
Source of code eng
Language code of text/sound track or separate title eng
100 ## - MAIN ENTRY--PERSONAL NAME
Personal name Mcmullan Gordon Ed.
9 (RLIN) 57614
245 #0 - TITLE STATEMENT
Title Women making Shakespeare
Remainder of title Text reception and performance
260 ## - PUBLICATION, DISTRIBUTION, ETC.
Place of publication, distribution, etc. London
Name of publisher, distributor, etc. Bloomsbury UK
Date of publication, distribution, etc. 2014
300 ## - PHYSICAL DESCRIPTION
Extent 368p.
Dimensions cm.
490 ## - SERIES STATEMENT
Series statement The arden Shekespeare
650 ## - SUBJECT ADDED ENTRY--TOPICAL TERM
Topical term or geographic name entry element ENGLISH LITERATURE
942 ## - ADDED ENTRY ELEMENTS (KOHA)
Classification part O111,2J64:g(Y15), Q4
Koha item type Textual
Source of classification or shelving scheme
Holdings
Withdrawn status Lost status Damaged status Not for loan Home library Current library Date acquired Source of acquisition Cost, normal purchase price Total Checkouts Full call number Barcode Date last seen Cost, replacement price Price effective from Koha item type
        Central Library Central Library 2022-10-05 11450, 19/03/2014, Elite Publishers Distributors 5619.89   O111,2J64:g(Y15) Q4 CL1566296 2022-10-05 5619.89 2022-10-05 Textual
Copyright @ Delhi University Library System